00878nam a2200217Ma 450000500170000000800410001702000190005802000180007704000500009504100080014524501380015326000810029130000390037249000520041150400530046365000280051665000290054465000290057370000260060270000320062820140903175109.0140516s2006 xxua fr 001 0 eng d a9780521120739  a9780521810128 aCO-BoUCMbspacJose A. GerenadJose A. Gerena aeng00aCriminals and their scientistsbthe history of criminology in international perspectiveceditado por Peter Becker, Richard F. Wetzell aCambridge (Massachusetts, Estados Unidos)bCambridge University pressc2006 axiii, 492 páginasbilustraciones0 aPublications of the German historical institute aIncluye referencias bibliográficas e índices 7aAntropología criminal 7aCriminologíaxHistoria 7aInvestigación criminal1 aBecker, Petereeditor1 aWetzell, Richard F.eeditor